大手私鉄別 画数の多い駅 TOP5 - Statistics

General Stats
  • This quiz has been taken 428 times
  • The average score is 29 of 105
Answer Stats
会社名 順位 駅名 画数 % Correct
東武鉄道 1 東武動物公園 52
66%
東京地下鉄 1 国会議事堂前 62
52%
京浜急行電鉄 1 羽田空港第1・第2ターミナル 69
52%
相模鉄道 1 羽沢横浜国大 49
51%
小田急電鉄 3 小田急多摩センター 46
50%
京浜急行電鉄 2 羽田空港第3ターミナル 56
50%
東急電鉄 3 南町田グランベリーパーク 41
49%
東武鉄道 4 鬼怒川温泉 43
47%
京王電鉄 4 聖蹟桜ヶ丘 49
46%
京浜急行電鉄 4 京急東神奈川 47
46%
小田急電鉄 1 小田急相模原 51
46%
小田急電鉄 3 成城学園前 46
46%
京王電鉄 1 府中競馬正門前 64
45%
阪神電気鉄道 4 大阪難波 37
45%
京浜急行電鉄 3 横須賀中央 48
43%
京王電鉄 2 多摩動物公園 57
42%
東急電鉄 5 田園調布 38
41%
阪急電鉄 1 雲雀丘花屋敷 59
41%
阪急電鉄 3 京都河原町 45
41%
東京地下鉄 5 地下鉄成増 43
39%
名古屋鉄道 4 中部国際空港 57
39%
東武鉄道 3 獨協大学前 44
38%
東京地下鉄 3 明治神宮前 45
38%
東京地下鉄 4 中野富士見町 44
38%
近畿日本鉄道 2 大阪阿部野橋 56
38%
近畿日本鉄道 2 橿原神宮前 55
37%
東武鉄道 3 東武宇都宮 44
36%
京成電鉄 4 印旛日本医大 43
36%
相模鉄道 2 南万騎が原 45
35%
東武鉄道 2 板倉東洋大前 47
34%
小田急電鉄 1 鶴巻温泉 51
34%
西武鉄道 4 練馬高野台 51
33%
東京地下鉄 2 新宿御苑前 55
33%
阪神電気鉄道 3 尼崎センタープール前 38
33%
京成電鉄 3 京成幕張本郷 56
32%
阪急電鉄 2 天神橋筋六丁目 53
32%
阪急電鉄 4 石橋阪大前 40
32%
京成電鉄 1 船橋競馬場 69
31%
東急電鉄 5 雪が谷大塚 38
31%
相模鉄道 4 相模大塚 40
31%
南海電気鉄道 4 関西空港 40
31%
東武鉄道 5 東武練馬 41
30%
京王電鉄 5 駒場東大前 47
30%
相模鉄道 3 緑園都市 44
29%
京成電鉄 2 堀切菖蒲園 58
28%
南海電気鉄道 1 林間田園都市 55
28%
京阪電気鉄道 2 石清水八幡宮 47
28%
西武鉄道 1 新井薬師前 55
27%
小田急電鉄 4 鵠沼海岸 44
27%
小田急電鉄 5 千歳船橋 43
27%
近畿日本鉄道 1 学研奈良登美ヶ丘 63
27%
京浜急行電鉄 5 京急鶴見 45
26%
阪神電気鉄道 1 鳴尾・武庫川女子大前 61
26%
西武鉄道 5 稲荷山公園 47
25%
東急電鉄 | 相模鉄道 5 新横浜 38
25%
名古屋鉄道 2 中京競馬場前 63
25%
京成電鉄 5 京成船橋 42
24%
阪神電気鉄道 2 武庫川団地前 42
24%
東急電鉄 4 戸越銀座 40
23%
名古屋鉄道 1 蒲郡競艇場前 77
23%
名古屋鉄道 4 徳重・名古屋芸大 57
23%
京阪電気鉄道 1 龍谷大前深草 55
23%
阪神電気鉄道 4 春日野道 37
23%
京王電鉄 3 多磨霊園 50
22%
東急電鉄 1 松陰神社前 46
22%
東京地下鉄 4 中野新橋 44
22%
小田急電鉄 2 祖師ケ谷大蔵 50
22%
名古屋鉄道 5 各務原市役所前 56
22%
東武鉄道 5 新鎌ヶ谷 41
21%
近畿日本鉄道 5 近鉄丹波橋 49
21%
南海電気鉄道 2 和歌山大学前 45
21%
阪神電気鉄道 5 高速神戸 35
21%
西武鉄道 2 競艇場前 54
19%
西武鉄道 3 武蔵藤沢 53
19%
東急電鉄 2 武蔵新田 43
19%
近畿日本鉄道 2 橿原神宮西口 55
19%
阪神電気鉄道 2 香櫨園 42
19%
近畿日本鉄道 3 畝傍御陵前 53
18%
南海電気鉄道 3 極楽橋 42
18%
東武鉄道 4 新伊勢崎 43
17%
京浜急行電鉄 5 鶴見市場 45
17%
名古屋鉄道 3 大森・金城学院前 60
17%
名古屋鉄道 4 尾張横須賀 57
15%
阪急電鉄 5 阪神国道 39
15%
東武鉄道 3 新藤原 44
14%
京阪電気鉄道 5 びわ湖浜大津 41
14%
南海電気鉄道 4 百舌鳥八幡 40
13%
阪急電鉄 4 苦楽園口 40
12%
西日本鉄道 1 西鉄福岡(天神) 55
12%
近畿日本鉄道 4 志摩磯部 50
11%
西日本鉄道 5 都府楼前 42
11%
京阪電気鉄道 3 近江神宮前 43
10%
京阪電気鉄道 5 大津市役所前 41
10%
西日本鉄道 4 朝倉街道 47
10%
東武鉄道 5 武州長瀬 41
8%
南海電気鉄道 3 伽羅橋 42
8%
南海電気鉄道 5 萩原天神 39
8%
京阪電気鉄道 4 鳥羽街道 42
8%
西日本鉄道 2 香椎花園前 50
8%
西日本鉄道 3 聖マリア病院前 48
8%
西日本鉄道 2 西鉄渡瀬 50
6%
南海電気鉄道 5 諏訪ノ森 39
5%
西日本鉄道 5 西鉄新宮 42
5%
京阪電気鉄道 4 ケーブル八幡宮山上 42
4%
No matching quizzes found
Score Distribution
Percent of People with Each Score
Percentile by Number Answered
Your Score History
You have not taken this quiz